The good mother / (Record no. 2685)

MARC details
000 -LEADER
fixed length control field 02386cam a22004697i 4500
001 - CONTROL NUMBER
control field 2685
003 - CONTROL NUMBER IDENTIFIER
control field FISKH
005 - DATE AND TIME OF LATEST TRANSACTION
control field 20240110091210.0
008 - FIXED-LENGTH DATA ELEMENTS--GENERAL INFORMATION
fixed length control field 170601s2017 ie 000 1 eng d
010 ## - LIBRARY OF CONGRESS CONTROL NUMBER
LC control number 2017380188
020 ## - INTERNATIONAL STANDARD BOOK NUMBER
International Standard Book Number 9781844883516
020 ## - INTERNATIONAL STANDARD BOOK NUMBER
International Standard Book Number 9780241970744
020 ## - INTERNATIONAL STANDARD BOOK NUMBER
International Standard Book Number 1844883515
035 ## - SYSTEM CONTROL NUMBER
System control number (OCoLC)ocn958097632
040 ## - CATALOGING SOURCE
Original cataloging agency YDX
Language of cataloging eng
Transcribing agency YDX
Description conventions rda
Modifying agency OCLCQ
-- TOH
-- OCLCQ
-- NLE
-- NZWRP
-- NTAUP
-- OCLCO
-- NZWRP
-- NZAUC
-- OCLCF
-- YDX
-- EMU
-- DLC
042 ## - AUTHENTICATION CODE
Authentication code lccopycat
050 00 - LIBRARY OF CONGRESS CALL NUMBER
Classification number PR6113.O7485
Item number G66 2017
082 04 - DEWEY DECIMAL CLASSIFICATION NUMBER
Classification number 823.92
Edition number 23
100 1# - MAIN ENTRY--PERSONAL NAME
Personal name Moriarty, Sinéad.
245 10 - TITLE STATEMENT
Title The good mother /
Statement of responsibility, etc. Sinéad Moriarty.
260 ## - PUBLICATION, DISTRIBUTION, ETC.
Place of publication, distribution, etc. Delhi :
Name of publisher, distributor, etc. Penguin Books,
Date of publication, distribution, etc. 2017.
300 ## - PHYSICAL DESCRIPTION
Extent 454 pages ;
Dimensions 20 cm
336 ## - CONTENT TYPE
Content type term text
Content type code txt
Source rdacontent
337 ## - MEDIA TYPE
Media type term unmediated
Media type code n
Source rdamedia
338 ## - CARRIER TYPE
Carrier type term volume
Source rdacarrier
520 ## - SUMMARY, ETC.
Summary, etc. Kate has been through the fire with her three children ... Having been left devastated and homeless after her husband's affair and the break-up of their family, somehow she has pulled through. Though times are still tough, she's beginning to see the start of a new life. But when twelve-year-old Jesssica is diagnosed with cancer, Kate's resilience is put to the ultimate test. She has an eighteen-year-old son consumed with hatred of his father, a seven-year-old who is bewildered and acting up and an ex-husband who won't face up to his responsibilities. And in the middle of it a beloved child who is trying to be brave but is getting sicker by the day. Kate knows she must put to one side her own fear and heartbreak and do right by her children, particularly Jessica. But maybe doing the right thing means doing the unthinkable?
650 #0 - SUBJECT ADDED ENTRY--TOPICAL TERM
Topical term or geographic name entry element Single mothers
Form subdivision Fiction.
650 #0 - SUBJECT ADDED ENTRY--TOPICAL TERM
Topical term or geographic name entry element Cancer
Form subdivision Fiction.
650 #0 - SUBJECT ADDED ENTRY--TOPICAL TERM
Topical term or geographic name entry element Mothers and daughters
Form subdivision Fiction.
650 #0 - SUBJECT ADDED ENTRY--TOPICAL TERM
Topical term or geographic name entry element Mother and child
Form subdivision Fiction.
650 #0 - SUBJECT ADDED ENTRY--TOPICAL TERM
Topical term or geographic name entry element Families
Form subdivision Fiction.
650 #7 - SUBJECT ADDED ENTRY--TOPICAL TERM
Topical term or geographic name entry element Cancer.
Source of heading or term fast
Authority record control number or standard number (OCoLC)fst00845317
650 #7 - SUBJECT ADDED ENTRY--TOPICAL TERM
Topical term or geographic name entry element Families.
Source of heading or term fast
Authority record control number or standard number (OCoLC)fst01728849
650 #7 - SUBJECT ADDED ENTRY--TOPICAL TERM
Topical term or geographic name entry element Mother and child.
Source of heading or term fast
Authority record control number or standard number (OCoLC)fst01026878
650 #7 - SUBJECT ADDED ENTRY--TOPICAL TERM
Topical term or geographic name entry element Mothers and daughters.
Source of heading or term fast
Authority record control number or standard number (OCoLC)fst01026997
650 #7 - SUBJECT ADDED ENTRY--TOPICAL TERM
Topical term or geographic name entry element Single mothers.
Source of heading or term fast
Authority record control number or standard number (OCoLC)fst01119370
655 #7 - INDEX TERM--GENRE/FORM
Genre/form data or focus term Domestic fiction.
Source of term fast
Authority record control number or standard number (OCoLC)fst01726589
655 #7 - INDEX TERM--GENRE/FORM
Genre/form data or focus term Fiction.
Source of term fast
Authority record control number or standard number (OCoLC)fst01423787
655 #7 - INDEX TERM--GENRE/FORM
Genre/form data or focus term Domestic fiction.
Source of term lcgft
906 ## - LOCAL DATA ELEMENT F, LDF (RLIN)
a 7
b cbc
c copycat
d 3
e ncip
f 20
g y-gencatlg
942 ## - ADDED ENTRY ELEMENTS (KOHA)
Source of classification or shelving scheme Dewey Decimal Classification
Koha item type Books
Suppress in OPAC No
Holdings
Withdrawn status Lost status Source of classification or shelving scheme Damaged status Not for loan Collection Home library Current library Shelving location Date acquired Total Checkouts Full call number Barcode Date last seen Price effective from Koha item type
    Dewey Decimal Classification     Fiction Footprints International School Library Network Toul Kork Campus Footprints International School Library Network Toul Kork Campus   01/10/2024   MOR Fic PR6113.O7485 2024-0007 01/10/2024 01/10/2024 Books